| Tag |
First Indicator |
Second Indicator |
Subfields |
| LEADER |
00000cam a2200000Ii 4500 |
| 001 |
in00000200215 |
| 005 |
20201027093550.0 |
| 008 |
791109s1924 nyua 000 0 eng d |
| 035 |
|
|
|a (OCoLC)ocm05669004
|
| 035 |
|
|
|a (OCoLC)05669004
|
| 035 |
|
|
|9 AAX0861AM
|
| 040 |
|
|
|a TXA
|b eng
|c TXA
|d OCLCQ
|d OCLCF
|d OCLCQ
|d OCLCO
|d INT
|
| 035 |
|
|
|a (OCoLC)5669004
|
| 049 |
|
|
|a TXAM
|c 1 [58412]
|c 2 [927348]
|
| 050 |
|
4 |
|a PE1111
|b .M42 1924
|
| 082 |
1 |
4 |
|a 428
|b M471
|
| 090 |
|
4 |
|a PE1111
|b .M43 1924
|
| 100 |
1 |
|
|a Meek, Charles Simpson,
|d 1870-
|
| 245 |
1 |
0 |
|a English to-day :
|b grade five /
|c by Charles S. Meek and Estaline Wilson ; illustrations by E.J. Babcock and Eunice Stephenson.
|
| 260 |
|
|
|a New York :
|b Charles Scribner's Sons,
|c ©1924.
|
| 300 |
|
|
|a xi, 116 pages :
|b illustrations ;
|c 19 cm
|
| 336 |
|
|
|a text
|b txt
|2 rdacontent
|
| 337 |
|
|
|a unmediated
|b n
|2 rdamedia
|
| 338 |
|
|
|a volume
|b nc
|2 rdacarrier
|
| 650 |
|
0 |
|a English language
|x Composition and exercises.
|
| 650 |
|
7 |
|a English language
|x Composition and exercises.
|2 fast
|0 (OCoLC)fst00911010
|
| 700 |
1 |
|
|a Wilson, Estaline,
|e author.
|
| 994 |
|
|
|a C0
|b TXA
|
| 999 |
f |
f |
|s 53a41f2c-aa07-3b02-acaa-400fad0972a5
|i 08eca334-2d8b-34ac-88b9-07e0ebb9f33a
|t 0
|
| 952 |
f |
f |
|p ric
|a Texas A&M University
|b Rellis Campus
|c Joint Library Facility
|d Remote Storage
|t 0
|e PE1111 .M43 1924
|h Library of Congress classification
|i unmediated -- volume
|m A14803583795
|
| 952 |
f |
f |
|p normal
|a Texas A&M University
|b College Station
|c Sterling C. Evans Library
|d Evans: Library Stacks
|t 0
|e PE1111 .M42 1924
|h Library of Congress classification
|i unmediated -- volume
|m A14850988586
|
| 998 |
f |
f |
|a PE1111 .M42 1924
|t 0
|l Evans: Library Stacks
|
| 998 |
f |
f |
|a PE1111 .M43 1924
|t 0
|l Remote Storage
|